| 000 | 01038cam a2200301 a 4500 | ||
|---|---|---|---|
| 999 |
_c127170 _d127170 |
||
| 001 | 3298088 | ||
| 003 | ARRUPE | ||
| 005 | 20171102102244.0 | ||
| 008 | 840217s1983 nyu b 001 0 eng | ||
| 010 | _a 83061856 | ||
| 020 |
_a068802212X : _c$11.95 |
||
| 040 |
_aDLC _cDLC _dDLC |
||
| 043 | _an-us--- | ||
| 050 | 0 | 0 | _aPR-215-1 |
| 082 | 0 | 0 |
_a331.4/8164/0973 _219 |
| 100 | 1 |
_aMinton, Michael H. _937356 |
|
| 245 | 1 | 0 |
_aWhat is a wife worth? : _bthe leading expert places a high dollar value on homemaking / _cMichael H. Minton, with Jean Libman Block. |
| 250 | _a1st ed. | ||
| 260 |
_aNew York : _bMorrow, _c1983. |
||
| 300 |
_a192 p. ; _c22 cm. |
||
| 500 | _aIncludes index. | ||
| 504 | _aBibliography: p. [181]-185. | ||
| 650 | 0 |
_aWages _xHousewives _zUnited States. _937357 |
|
| 650 | 0 |
_aHousewives _zUnited States _xEconomic conditions. _937358 |
|
| 700 | 1 |
_aBlock, Jean Libman. _937359 |
|
| 906 |
_a7 _bcbc _corignew _d2 _eopcn _f19 _gy-gencatlg |
||
| 942 |
_2lcc _cMONOGRAPH |
||